000 00449nam a22001577a 4500
005 20231107142200.0
008 231107b |||||||| |||| 00| 0 eng d
041 _aEnglish
082 _a346.43 BAS
100 _aKruger, A et al.
_lEnglish
245 _aBasic Intellectual Property Rights /
_cA Kruger et al.
260 _c1993
300 _b23 pages ;
_c30 cm.
650 _aLegal practice
_bLaw
942 _cBK
_6ALISON_BN_VRIES
999 _c388
_d388